Fill in the Musical Theatre Lyrics - Statistics

General Stats
  • This quiz has been taken 95 times
  • The average score is 5 of 16
Answer Stats
Show Lyric Answer % Correct
Hamilton Best of ____ , best of ______ wives women
70%
Wicked Together we'll be the greatest team there's ever been, ____ Glinda
68%
Into the Woods Don't ever ever ever mess around with my greens-- especially the _____! beans
62%
Les Miserables The city goes to bed, and I can live inside ___ _____ my head
55%
Book of Mormon You simply won't believe how much this book will ____ ____ ____ change your life
52%
Spongebob the Musical When the sun shines down on a beautiful ______ _____ day Bikini Bottom
38%
Newsies Now is the time to seize the day, stare down the odds and ____ ___ _____ seize the day
35%
Matilda The smell of rebellion! The stench of ____ ! revolt
28%
Wizard of Oz With the thoughts you'll be thinkin' you could be another _____ Lincoln
26%
Hadestown Cast your eyes to heaven, you get a ____ in the ____ knife back
23%
Annie Who cares what they're wearing, From ____ Street to _____ Row, Main Saville
16%
Epic the Musical Penelope, why? You know I'm too ___ and _____ shy terrified
16%
Fiddler on the Rood Who must know the way to make a proper home, A quiet home, a _____ home? kosher
13%
Bye Bye Birdie So spread sunshine all over the place, just ___ __ _ _______ ______! put on a happy face
13%
Rent Glory, from the pretty boy front man, who wasted ________ opportunity
9%
Spring Awakening And now our bodies are the ____ ______ guilty ones
7%
No matching quizzes found
Score Distribution
Percent of People with Each Score
Percentile by Number Answered
Your Score History
You have not taken this quiz